00811nam a2200241 a 45000010005000000030005000050050017000100080041000270200015000680400020000831000026001032450073001292600033002023000011002354900033002466500037002796500038003166500058003546500036004129420013004489990015004619520093004764330CDMR20131212095331.0130130s2000||||sp |||||||||||||||||spa|d a8449309468 aCDMRbcatcCDMR1 93787aO'Donell, James10aAvatares de la palabrab: del papiro al ciberespaciocJames O'Donell aBarcelonabPaidóscDL 2000 a199 p.0 aPaidós Comunicaciónv1230492716aComunicació i tecnologia0494423aTecnologia i civilització0493508aTecnologia de la informacióxAspectes socials049637aComunicacióxEnsenyament cMON2udc c4330d4330 00104070aCDMRbCDMRd2013-01-16l0oCa 5/2pCDMR13066705r2013-06-14w2013-06-14yMON